000 00584nam a22002057a 4500
005 20211213124518.0
008 211213b xxu||||| |||| 00| 0 eng d
020 _a9788177512427
_cRs.500.00
040 _aLoreto College
041 _aBengali
082 _a891.44
_bCHA
100 _aChattopadhyay,Bankimchandra
245 _aBankimchandra rachanabali
_cBankimchandra Chattopadhyay
260 _aKolkata
_bPaschimbanga Bangla Akademi
_c2016
300 _a501p.
_b24cm
505 _aVol.5:Miscellaneous writings
650 _aBengali literature
850 _aLCLIB
942 _cBK
999 _c42836
_d93315